Pig production : Biological principles and applications
Gorde:
| Egile nagusia: | |
|---|---|
| Formatua: | Liburua |
| Hizkuntza: | Undetermined |
| Argitaratua: |
Delmar
2003
|
| Gaiak: | |
| Etiketak: |
Etiketa erantsi
Etiketarik gabe, Izan zaitez lehena erregistro honi etiketa jartzen!
|
| Thư viện lưu trữ: | Trung tâm Học liệu Trường Đại học Cần Thơ |
|---|
| LEADER | 00605nam a2200229Ia 4500 | ||
|---|---|---|---|
| 001 | CTU_74548 | ||
| 008 | 210402s9999 xx 000 0 und d | ||
| 020 | |c 1511212 | ||
| 082 | |a 636.4 | ||
| 082 | |b M145 | ||
| 100 | |a Mcglone, John | ||
| 245 | 0 | |a Pig production : | |
| 245 | 0 | |b Biological principles and applications | |
| 245 | 0 | |c John Mcglone | |
| 260 | |b Delmar | ||
| 260 | |c 2003 | ||
| 526 | |a Công nghệ chăn nuôi heo | ||
| 526 | |b NNN616 | ||
| 650 | |a Swine,Pond, Wilson G, 1930 | ||
| 650 | |x Breeding | ||
| 904 | |i Năm | ||
| 980 | |a Trung tâm Học liệu Trường Đại học Cần Thơ | ||